El aprendizaje autónomo en educación superior
محفوظ في:
| المؤلف الرئيسي: | |
|---|---|
| التنسيق: | كتاب |
| اللغة: | الإسبانية |
| منشور في: |
Madrid
Narcea
2009
|
| سلاسل: | Universitaria
|
| الموضوعات: | |
| الوسوم: |
إضافة وسم
لا توجد وسوم, كن أول من يضع وسما على هذه التسجيلة!
|
MARC
| LEADER | 00000nam a2200000 a 4500 | ||
|---|---|---|---|
| 001 | UCG5695 | ||
| 003 | CL-VaPUC | ||
| 008 | 110317e20090000SP |||||||||||||||||spa|d | ||
| 020 | |a 9788427716322 | ||
| 082 | 0 | 4 | |a 371.3944 |b RUE |2 21 |
| 100 | 0 | |a Rué, Joan |e author |9 555451 | |
| 245 | 1 | 3 | |a El aprendizaje autónomo en educación superior |
| 300 | |a 270 p | ||
| 942 | |c BK | ||
| 945 | |d 20110317 00:00:00 |a dcastane | ||
| 260 | |a Madrid |b Narcea |c 2009 | ||
| 650 | 0 | |a Métodos de aprendizaje |9 334464 | |
| 650 | 0 | |a Autoaprendizaje |9 429105 | |
| 650 | 0 | |a Métodos de estudio |9 260518 | |
| 583 | |a last modification |c 20110317 00:00:00 |k Rodrigo Vera | ||
| 490 | 0 | |a Universitaria | |
| 999 | |c 344090 |d 344088 | ||
| 952 | |0 0 |1 0 |4 0 |6 371_394400000000000_RUE_2009 |7 0 |8 A |9 441880 |a BIBEDU |b BIBEDU |d 2019-11-22 |i 4756584 |o 371.3944 RUE 2009 |p 4756584 |r 2019-11-22 |w 2019-11-22 |y BK |k EPE | ||